First 60 Elements - Statistics

General Stats
  • This quiz has been taken 9,535 times
    9,528 since last reset
  • The average score is 40 of 60
Answer Stats
Symbol Element % Correct
He Helium
95%
H Hydrogen
95%
Li Lithium
94%
C Carbon
92%
B Boron
91%
N Nitrogen
91%
O Oxygen
91%
Be Beryllium
90%
Al Aluminium
87%
F Fluorine
87%
Mg Magnesium
87%
Ne Neon
86%
Si Silicon
86%
Na Sodium
86%
Ar Argon
85%
K Potassium
85%
Cl Chlorine
84%
Ca Calcium
83%
P Phosphorus
83%
S Sulfur
83%
Ti Titanium
81%
Fe Iron
79%
Zn Zinc
79%
Co Cobalt
77%
Cu Copper
77%
Ni Nickel
77%
Mn Manganese
76%
Ga Gallium
75%
Sc Scandium
75%
Kr Krypton
73%
V Vanadium
73%
As Arsenic
72%
Br Bromine
72%
Cr Chromium
72%
Ge Germanium
72%
Se Selenium
67%
Rb Rubidium
65%
Y Yttrium
61%
Sr Strontium
58%
Zr Zirconium
57%
Ag Silver
56%
Xe Xenon
52%
I Iodine
50%
Mo Molybdenum
49%
Nb Niobium
49%
Rh Rhodium
47%
Sn Tin
47%
Cd Cadmium
46%
In Indium
46%
Pd Palladium
46%
Tc Technetium
46%
Ru Ruthenium
45%
Sb Antimony
42%
Cs Caesium
41%
Ba Barium
40%
Te Tellurium
37%
La Lanthanum
31%
Ce Cerium
30%
Nd Neodymium
25%
Pr Praseodymium
25%
No matching quizzes found
Score Distribution
Percent of People with Each Score
Percentile by Number Answered
Your Score History
You have not taken this quiz since the last reset